000 00634nam a22002057a 4500
003 OSt
005 20220112070807.0
008 170213b xxu||||| |||| 00| 0 eng d
010 _a 2004006566
020 _a0321202805 (pbk.)
040 _aMMU
_cMMU
_dMMU
_beng.
050 0 0 _aBJ1012
_b.W355 2005
100 1 _aWaller, Bruce N.,
_d1946-
245 1 0 _aConsider ethics :
_btheory, readings, and contemporary issues /
_cBruce N. Waller.
260 _aNew York :
_bPearson/Longman,
_cc2005.
300 _axvi, 320 p. :
_c24 cm.
500 _aIncludes bibliographical references and index.
650 0 _aEthics.
942 _2lcc
_cLOAN LOAN
999 _c22644
_d22644